000 01778pam a2200361 i 4500
001 sjdszcodcb b6645868
003 sjds
005 20240626182806.0
007 t|
008 160118s2016 nyu 000 1 eng d
010 _abl2016002197
020 _a9781496700780
020 _a1496700783
040 _aNjBwBT
_beng
_erda
_cNjBwBT
_dNjBwBT
_dUtOrBLW
100 1 _aMcKevett, G. A.,
_eauthor.
_0n 95079643
_0http://id.loc.gov/authorities/names/n95079643.
_4aut.
245 1 0 _aKiller reunion /
_cG.A. McKevett.
250 _aFirst Kensington hardcover edition.
260 _aNew York, New York :
_bKensington Books,
_c2016.
264 1 _aNew York, New York :
_bKensington Books,
_c2016.
300 _a307 pages ;
_c22 cm.
336 _atext
_2rdacontent
_btxt.
337 _aunmediated
_2rdamedia
_bn.
338 _avolume
_2rdacarrier
_bnc.
490 1 _aA Savannah Reid mystery.
520 _aTriumphantly attending her twenty-fifth high school reunion with her handsome husband, Savannah confronts her nasty former nemesis and is forced to clear her name when the woman is found murdered amid rumors about another suspicious death.
650 0 _aReid, Savannah (Fictitious character)
_vFiction.
_0sh2010110607
_0http://id.loc.gov/authorities/subjects/sh2010110607.
650 0 _aWomen private investigators
_vFiction.
_0sh2008113647
_0http://id.loc.gov/authorities/subjects/sh2008113647.
650 0 _aClass reunions
_vFiction.
_0sh2008100184
_0http://id.loc.gov/authorities/subjects/sh2008100184.
650 0 _aMurder
_vFiction.
_0sh2008107179
_0http://id.loc.gov/authorities/subjects/sh2008107179.
655 7 _aMystery fiction.
_2gsafd.
800 1 _aMcKevett, G. A.
_tSavannah Reid mystery.
_0nr2003011215
_0http://id.loc.gov/authorities/names/nr2003011215.
942 _cBK
999 _c29901
_d29899